| 000 | 00631nam a2200205 a 4500 | ||
|---|---|---|---|
| 001 | 50879 | ||
| 003 | BD-RjUL | ||
| 005 | 20211209075558.0 | ||
| 008 | 160828m19581968N a|||| |||| 00| 0 eng d | ||
| 035 | _a(BD-RjUL)50999 | ||
| 040 |
_aBD-RjUL _beng _cBD-RjUL |
||
| 041 | _aeng | ||
| 082 |
_a511.8 _bROT 1968 |
||
| 100 | 1 |
_aRosenberg, R. Robert _9141805 |
|
| 245 | 1 | 0 |
_aTeacher's key to workbook and tests for Business mathematics / _cR. Robert Rosenberg, Harry Lewis, Roy W. Poe |
| 260 |
_aNew York : _bMcGraw-Hill, _cc1968 |
||
| 300 |
_a320, p. : _bill. ; _c28 cm. |
||
| 650 |
_aBusiness mathematics _9152309 |
||
| 942 |
_2ddc _cBK |
||
| 999 |
_c50879 _d50879 |
||